书目信息 |
| 题名: |
水利工程施工监理实用手册
|
|
| 作者: | 娄鹏 , 刘景运 编著 | |
| 分册: | ||
| 出版信息: | 北京 中国水利水电出版社 2007.12 |
|
| 页数: | 292页 | |
| 开本: | 26cm | |
| 丛书名: | ||
| 单 册: | ||
| 中图分类: | TV523-62 | |
| 科图分类: | ||
| 主题词: | 水利工程--shui li gong cheng--工程施工--监督管理--技术手册 | |
| 电子资源: | ||
| ISBN: | 978-7-5084-5202-9 | |
| 000 | 00925nam0 2200229 450 | |
| 001 | 012008566202 | |
| 005 | 20100811165412.32 | |
| 010 | @a978-7-5084-5202-9@dCNY48.00 | |
| 100 | @a20100515d2007 em y0chiy0120 ea | |
| 101 | 0 | @achi |
| 102 | @aCN@b110000 | |
| 105 | @aa z 000yy | |
| 200 | 1 | @a水利工程施工监理实用手册@Ashui li gong cheng shi gong jian li shi yong shou ce@f娄鹏, 刘景运编著@Flou peng,liu jing yun bian zhu |
| 210 | @a北京@c中国水利水电出版社@d2007.12 | |
| 215 | @a292页@c图@d26cm | |
| 330 | @a本手册结合若干水利工程实例,详细阐述了施工监理工作的具体流程。书中包括:监理工作制度、监理控制程序、河道工程施工监理、水闸工程施工监理、输水及灌溉工程施工监理和相关法规文件等内容。 | |
| 606 | 0 | @a水利工程@Ashui li gong cheng@x工程施工@x监督管理@j技术手册 |
| 690 | @aTV523-62@v4 | |
| 701 | 0 | @a娄鹏@Alou peng@4编著 |
| 701 | 0 | @a刘景运@Aliu jing yun@4编著 |
| 801 | 0 | @aCN@c20100515 |
| 905 | @dTV523-62@eL773@f5 | |
| 水利工程施工监理实用手册/娄鹏, 刘景运编著.-北京:中国水利水电出版社,2007.12 |
| 292页:图;26cm |
| ISBN 978-7-5084-5202-9:CNY48.00 |
| 本手册结合若干水利工程实例,详细阐述了施工监理工作的具体流程。书中包括:监理工作制度、监理控制程序、河道工程施工监理、水闸工程施工监理、输水及灌溉工程施工监理和相关法规文件等内容。 |
| ● |
| 相关链接 |
|
|
|
正题名:水利工程施工监理实用手册
索取号:TV523-62/L773
 
预约/预借
| 序号 | 登录号 | 条形码 | 馆藏地/架位号 | 状态 | 备注 |
| 1 | 1024490 | 210244902 | 期刊室512/501自科库 78排2列5层/ [索取号:TV523-62/L773] | 在馆 | |
| 2 | 1024491 | 210244911 | 自科库501/501自科库 78排2列5层/ [索取号:TV523-62/L773] | 在馆 | |
| 3 | 1024492 | 210244920 | 期刊室512/501自科库 78排2列5层/ [索取号:TV523-62/L773] | 在馆 | |
| 4 | 1024493 | 210244939 | 期刊室512/501自科库 78排2列5层/ [索取号:TV523-62/L773] | 在馆 | |
| 5 | 1024494 | 210244948 | 自科库501/501自科库 78排2列5层/ [索取号:TV523-62/L773] | 在馆 |